[Event "Experiment #1"]
[Site "SchemingMind.com"]
[Date "2013.03.28"]
[Round "-"]
[White "cnile"]
[Black "Iucounu"]
[Result "0-1"]
[WhiteCountry "SCO"]
[BlackCountry "ENG"]
[WhiteElo "1550"]
[WhiteRD "64"]
[BlackElo "1492"]
[BlackRD "55"]
[GameID "329235"]

1. e4 d5 2. exd5 Qxd5 3. Nf3 Bg4 4. Be2 Nc6 5. O-O O-O-O 6. Nc3 Qd7 7. d4 e6 8. Be3 Bxf3 9. Bxf3 Nxd4 10. Re1 Bb4
11. Qd3 Nxf3+ 12. gxf3 Qxd3 13. cxd3 Rxd3 14. Red1 Rxd1+ 15. Rxd1 b6 16. Rd3 Ne7 17. Nb5 a6 18. a3 axb5 19. axb4 Rd8 20. Rxd8+ Kxd8
21. Kg2 Nf5 22. Bf4 h6 23. Kh3 Kd7 24. Kg4 c5 25. Be3 Nxe3+ 26. fxe3 cxb4 27. Kf4 f6 28. b3 g6 29. h4 Kd6 30. Ke4 f5+
31. Kd4 e5+ 32. Kd3 g5 33. hxg5 hxg5 34. Ke2 Kd5 35. Kd2 e4 36. f4 gxf4 37. exf4 Kd4
0-1

[Event "Experiment #1"]
[Site "SchemingMind.com"]
[Date "2013.04.09"]
[Round "-"]
[White "kubinet"]
[Black "cnile"]
[Result "0-1"]
[WhiteCountry "GER"]
[BlackCountry "SCO"]
[WhiteElo "1334"]
[WhiteRD "51"]
[BlackElo "1533"]
[BlackRD "59"]
[GameID "330001"]

1. e4 d5 2. exd5 Qxd5 3. Nc3 Qd8 4. d4 Nf6 5. Bc4 e6 6. Nf3 c5 7. O-O Be7 8. Bg5 cxd4 9. Nxd4 O-O 10. Qd2 a6
11. a3 Bd7 12. Rad1 Nc6 13. Nf3 Bc8
0-1

[Event "Experiment #1"]
[Site "SchemingMind.com"]
[Date "2013.04.09"]
[Round "-"]
[White "kubinet"]
[Black "Iucounu"]
[Result "0-1"]
[WhiteCountry "GER"]
[BlackCountry "ENG"]
[WhiteElo "1305"]
[WhiteRD "57"]
[BlackElo "1487"]
[BlackRD "50"]
[GameID "330002"]

1. e4 d5 2. exd5 Qxd5 3. Nc3 Qa5 4. d4 e5 5. dxe5 Qxe5+ 6. Be2 Bb4 7. Bd2 Bf5 8. Nf3 Qe7 9. O-O Nc6 10. a3 Ba5
11. Re1 O-O-O 12. Qc1 f6 13. b4 Bb6 14. Bd3 Qd7 15. Bxf5 Qxf5 16. Be3 Nge7
0-1

[Event "Experiment #1"]
[Site "SchemingMind.com"]
[Date "2013.04.09"]
[Round "-"]
[White "cnile"]
[Black "kubinet"]
[Result "1-0"]
[WhiteCountry "SCO"]
[BlackCountry "GER"]
[WhiteElo "1533"]
[WhiteRD "59"]
[BlackElo "1334"]
[BlackRD "51"]
[GameID "330003"]

1. e4 d5 2. exd5 Nf6 3. Bb5+ Bd7 4. Bxd7+ Qxd7 5. Nc3 Nxd5 6. Nxd5 Qxd5 7. Nf3 e5 8. d4 Nc6 9. O-O exd4 10. Be3 O-O-O
11. Bf4 f6 12. Re1
1-0

[Event "Experiment #1"]
[Site "SchemingMind.com"]
[Date "2013.04.09"]
[Round "-"]
[White "Iucounu"]
[Black "kubinet"]
[Result "1-0"]
[WhiteCountry "ENG"]
[BlackCountry "GER"]
[WhiteElo "1487"]
[WhiteRD "50"]
[BlackElo "1305"]
[BlackRD "57"]
[GameID "330004"]

1. e4 d5 2. exd5 Nf6 3. d4 Nxd5 4. Nf3 g6 5. c4 Nb6 6. Nc3 Bg7 7. c5 Nd5 8. Bc4 Nxc3 9. bxc3 O-O 10. O-O Bg4
11. h3 Bxf3 12. Qxf3 c6 13. Bg5 Qc7 14. Bf4 Qd7 15. Bg3 Qd8 16. Rfe1 Nd7 17. Re2 Nf6 18. Be5 Nd7 19. Bxg7 Kxg7 20. Rae1 e6
21. a4 Nf6 22. Qd3 Nd5 23. Bxd5 cxd5 24. Rb2 Rb8 25. Reb1 Qc7 26. Qg3 Qd7 27. Qe5+ Kg8 28. Qd6 Qxa4 29. Rxb7 Rxb7 30. Rxb7 Qa1+
31. Kh2 a5 32. c6 Qxc3 33. c7
1-0

[Event "Experiment #1"]
[Site "SchemingMind.com"]
[Date "2013.04.14"]
[Round "-"]
[White "eun77"]
[Black "cnile"]
[Result "0-1"]
[WhiteCountry "ISR"]
[BlackCountry "SCO"]
[WhiteElo "1360"]
[WhiteRD "56"]
[BlackElo "1550"]
[BlackRD "64"]
[GameID "330301"]

1. e4 d5 2. exd5 Qxd5 3. d3 e5 4. Qf3 Qxf3 5. Nxf3 Bd6 6. h3 Nc6 7. Be2 Nf6 8. O-O O-O 9. Nh2 Nd4 10. Bd1 Be6
11. c3 Nc6 12. Bg5 Nd5 13. Nd2 f6 14. Be3 Rad8 15. Bf3 Nxe3 16. fxe3 f5 17. Bxc6 bxc6 18. d4 exd4 19. cxd4 Bd5 20. Nhf3 Rfe8
21. Rae1 Bb4
0-1

[Event "Experiment #1"]
[Site "SchemingMind.com"]
[Date "2013.04.14"]
[Round "-"]
[White "eun77"]
[Black "Iucounu"]
[Result "0-1"]
[WhiteCountry "ISR"]
[BlackCountry "ENG"]
[WhiteElo "1318"]
[WhiteRD "58"]
[BlackElo "1505"]
[BlackRD "57"]
[GameID "330302"]

1. e4 d5 2. exd5 Qxd5 3. d3 e5 4. Qf3 Be6 5. Qxd5 Bxd5 6. Be3 f6 7. Nc3 Bb4 8. a3 Bxc3+ 9. bxc3 Ne7 10. f3 Nbc6
11. c4 Bf7 12. Ne2 O-O-O 13. Nc3 Nd4 14. Bxd4 exd4 15. Ne4 Rhe8 16. Be2 Bg6 17. O-O f5 18. Nf2 c5 19. f4 Nc6 20. Bf3 Kc7
21. Bxc6 Kxc6 22. Rae1 Rxe1 23. Rxe1 Kd6 24. Re5 Rd7 25. g3 Re7 26. Rd5+ Kc6 27. Kf1 b6 28. Nh3 h6 29. Ng1 Bh7 30. Nf3 g6
31. Ne5+ Kc7 32. Nf3 Bg8 33. Re5 Re6 34. Rxe6 Bxe6 35. Ne5 g5 36. h4 gxf4 37. gxf4 Kd6 38. Ke1 a6 39. Kd1 a5 40. Kd2 Ke7
41. c3 dxc3+ 42. Kxc3 Kf6 43. Kb3 Ke7 44. Ka4 Bd7+ 45. Nxd7 Kxd7
0-1

[Event "Experiment #1"]
[Site "SchemingMind.com"]
[Date "2013.04.16"]
[Round "-"]
[White "cnile"]
[Black "eun77"]
[Result "1-0"]
[WhiteCountry "SCO"]
[BlackCountry "ISR"]
[WhiteElo "1507"]
[WhiteRD "63"]
[BlackElo "1373"]
[BlackRD "54"]
[GameID "330304"]

1. e4 d5 2. d4 dxe4 3. Nc3 h6 4. Nxe4 Nf6 5. Nxf6+ exf6 6. Be3 Be7 7. Be2 O-O 8. c3 c6 9. Nf3 Bg4 10. O-O Bxf3
11. Bxf3 Nd7 12. Qb3 Rb8 13. Rfe1 Nb6 14. Bh5 Qd5 15. Qxd5 Nxd5 16. Bd2 Bd6 17. a4 Ne7 18. b4 g5 19. c4 b6 20. c5 bxc5
21. dxc5 Be5 22. f4 Bxa1 23. Rxe7 a6 24. f5 Rbd8 25. Be1 Rd1 26. Kf1 Bc3 27. b5 axb5 28. axb5 Rxe1+ 29. Rxe1 Bxe1 30. Kxe1 cxb5
31. Kd2 Rc8 32. Kc3
1-0

[Event "Experiment #1"]
[Site "SchemingMind.com"]
[Date "2013.04.16"]
[Round "-"]
[White "Iucounu"]
[Black "eun77"]
[Result "1-0"]
[WhiteCountry "ENG"]
[BlackCountry "ISR"]
[WhiteElo "1525"]
[WhiteRD "62"]
[BlackElo "1298"]
[BlackRD "64"]
[GameID "330305"]

1. e4 d5 2. exd5 Qxd5 3. Nc3 Qd8 4. d4 c6 5. Ne4 h6 6. Nf3 e6 7. Bd3 Nf6 8. Nxf6+ Qxf6 9. c3 Qd8 10. O-O Nd7
11. Bf4 Nf6 12. h3 Be7 13. Ne5 O-O 14. Ng4 Nxg4 15. hxg4 Bg5 16. Qd2 Bxf4 17. Qxf4 Qg5 18. Qxg5 hxg5 19. f3 a5 20. Kf2 b6
21. Be4 Bb7 22. b3 Rab8 23. c4 f6 24. g3 c5 25. Bxb7 Rxb7 26. Rad1 cxd4 27. Rxd4 Kf7 28. Rfd1 Ke7 29. a4 e5 30. Rd5 Rc7
31. Ke3 Re8 32. Ke4 g6 33. Rh1 Ke6 34. Rh6 Rg8 35. Rb5 Rc6 36. Rd5 Rd6 37. Rxd6+ Kxd6 38. Rh7 Ke6 39. Rb7 f5+ 40. gxf5+ gxf5+
41. Ke3 f4+ 42. gxf4 gxf4+ 43. Ke4 Rg5 44. Rxb6+ Kd7 45. Rb5 Kd6 46. Rxa5 Rg1 47. Rb5 Re1+ 48. Kf5 Re3 49. Rd5+ Kc6 50. Rxe5 Rxf3
51. Re4
1-0

[Event "Experiment #1"]
[Site "SchemingMind.com"]
[Date "2013.04.28"]
[Round "-"]
[White "Shanks"]
[Black "cnile"]
[Result "0-1"]
[WhiteCountry "ENG"]
[BlackCountry "SCO"]
[WhiteElo "1269"]
[WhiteRD "68"]
[BlackElo "1507"]
[BlackRD "63"]
[GameID "331028"]

1. e4 d5 2. exd5 Qxd5 3. Nc3 Qd8 4. d4 Nf6 5. h3 e6 6. Nf3 Bb4 7. a3 Bxc3+ 8. bxc3 O-O 9. c4 c5 10. c3 Nc6
11. d5 exd5 12. cxd5 Qxd5 13. Qxd5 Nxd5 14. Bb2 Bf5 15. Be2 Rfe8 16. Kf1 Rad8 17. c4 Nf4 18. Bd1 Bd3+ 19. Kg1 Bxc4 20. Rc1 b5
21. a4 Ne2+ 22. Bxe2 Rxe2 23. axb5 Bxb5 24. Rxc5 Rd1+ 25. Kh2 Rxh1+ 26. Kxh1 Rxb2 27. Kg1 g6 28. Ng5 a6 29. h4 Nd4 30. Rc8+ Kg7
31. g3 Rb1+ 32. Kh2 Bc6 33. Rc7 Rh1#
0-1

[Event "Experiment #1"]
[Site "SchemingMind.com"]
[Date "2013.04.29"]
[Round "-"]
[White "Shanks"]
[Black "eun77"]
[Result "1-0"]
[WhiteCountry "ENG"]
[BlackCountry "ISR"]
[WhiteElo "1301"]
[WhiteRD "69"]
[BlackElo "1360"]
[BlackRD "56"]
[GameID "331029"]

1. e4 d5 2. exd5 Qxd5 3. Nc3 Qd8 4. d4 c6 5. Be3 e6 6. Nf3 h6 7. Bd3 Nf6 8. O-O Be7 9. Qc1 O-O 10. Ne2 Nh7
11. c4
1-0

[Event "Experiment #1"]
[Site "SchemingMind.com"]
[Date "2013.04.30"]
[Round "-"]
[White "Shanks"]
[Black "kubinet"]
[Result "1-0"]
[WhiteCountry "ENG"]
[BlackCountry "GER"]
[WhiteElo "1301"]
[WhiteRD "69"]
[BlackElo "1319"]
[BlackRD "55"]
[GameID "331031"]

1. e4 d5 2. exd5 Qxd5 3. Nc3 Qa5 4. d4 c6 5. Nf3 Nf6 6. b4 Qxb4 7. Bd2 Qb6 8. Rb1 Qc7 9. Bd3 g6 10. Ne2 Bg7
11. O-O O-O 12. c4 Bg4 13. Ne5 Be6 14. Be3
1-0

[Event "Experiment #1"]
[Site "SchemingMind.com"]
[Date "2013.04.29"]
[Round "-"]
[White "cnile"]
[Black "Shanks"]
[Result "1-0"]
[WhiteCountry "SCO"]
[BlackCountry "ENG"]
[WhiteElo "1507"]
[WhiteRD "63"]
[BlackElo "1269"]
[BlackRD "68"]
[GameID "331032"]

1. e4 d5 2. d4 c6 3. exd5 cxd5 4. c4 Nf6 5. Nc3 h6 6. cxd5 Nxd5 7. Bc4 Nb6 8. Bb3 e6 9. Nf3 Be7 10. Be3 O-O
11. O-O Nd5 12. Rc1 Nxe3 13. fxe3 Nd7 14. Qe2 Nf6 15. e4 Nh7 16. Kh1 Bd7 17. e5 a6 18. a3 Re8 19. Bc2 Nf8 20. Ne4 b5
21. Bb1 Rc8 22. Qf2 Rxc1 23. Rxc1 Bc6 24. Rxc6 a5 25. Nd6 Bxd6 26. Rxd6 Qc8 27. Qd2 a4 28. h3 f6 29. exf6 Kf7 30. Ne5+ Kxf6
31. Qf4+ Ke7 32. Nc6+ Qxc6 33. Rxc6 Nd7 34. Qd6+ Kf7 35. Qxd7+ Kf8 36. Bg6
1-0

[Event "Experiment #1"]
[Site "SchemingMind.com"]
[Date "2013.04.29"]
[Round "-"]
[White "eun77"]
[Black "Shanks"]
[Result "0-1"]
[WhiteCountry "ISR"]
[BlackCountry "ENG"]
[WhiteElo "1318"]
[WhiteRD "58"]
[BlackElo "1302"]
[BlackRD "70"]
[GameID "331033"]

1. e4 d5 2. exd5 Qxd5 3. Qf3 Qd8 4. Bc4 e6 5. Nh3 h6 6. O-O Nf6 7. Kh1 c6 8. Bb3 Nbd7 9. d3 Bd6 10. Qd1 Nc5
11. Bf4 Be7 12. f3 Nxb3 13. axb3 Nd5 14. Bd2 O-O 15. Nc3 Nc7 16. Ne2 e5 17. Nf2 Bf6 18. Ng3 Qd6 19. Nge4 Qe7 20. Nxf6+ Qxf6
21. Bc3 Nd5 22. Re1 Nxc3 23. bxc3 b5 24. Rb1 Bf5 25. Ne4 Bxe4 26. dxe4 a5 27. Ra1 c5 28. Qe2 b4 29. cxb4 cxb4 30. Red1 h5
31. Rd2 g6 32. h3 h4 33. Qe3 g5 34. Ra4 Kg7 35. Rd5 Rfc8 36. Raxa5 Rxa5
0-1

[Event "Experiment #1"]
[Site "SchemingMind.com"]
[Date "2013.05.03"]
[Round "-"]
[White "Iucounu"]
[Black "Shanks"]
[Result "1-0"]
[WhiteCountry "ENG"]
[BlackCountry "ENG"]
[WhiteElo "1487"]
[WhiteRD "50"]
[BlackElo "1269"]
[BlackRD "68"]
[GameID "331034"]

1. e4 d5 2. exd5 Qxd5 3. Nc3 Qd6 4. d4 a6 5. Nf3 e6 6. Bc4 h6 7. O-O Nf6 8. h3 Nbd7 9. Re1 Be7 10. Ne4 Nxe4
11. Rxe4 Nf6 12. Re2 O-O 13. c3 b5 14. Bb3 Nd5 15. Bxd5 exd5 16. Bd2 Bf5 17. Ne5 Be4 18. Re3 Bg5 19. Re2 Bf6 20. Bf4 Bxe5
21. Bxe5 Qd7 22. Qd2 c6 23. f3 Bg6 24. b4 Qb7 25. a3 Bh7= 26. Rae1 a5 27. Bd6 Rfe8 28. Rxe8+
1-0

[Event "Experiment #1"]
[Site "SchemingMind.com"]
[Date "2013.05.09"]
[Round "-"]
[White "lennart"]
[Black "cnile"]
[Result "1-0"]
[WhiteCountry "SWE"]
[BlackCountry "SCO"]
[WhiteElo "1501"]
[WhiteRD "60"]
[BlackElo "1507"]
[BlackRD "63"]
[GameID "331647"]

1. e4 d5 2. Nc3 e6 3. exd5 exd5 4. a3 c6 5. h3 Bd6 6. Nf3 Ne7 7. d4 Nd7 8. Bd3 Nf8 9. O-O Be6 10. Re1 Nfg6
11. g3 Bxh3 12. Ne2 O-O 13. b4 Bg4 14. Nh2 Be6 15. c3 Re8 16. Qc2 a6 17. c4 dxc4 18. Be4 b5 19. Bb2 Bd5 20. Bxd5 cxd5
21. Qc3 Qc7 22. Nf3 Ra7 23. a4 Nf5 24. Nd2 Be7 25. axb5 axb5 26. Rxa7 Qxa7 27. Ra1 Qc7 28. Ra5 Nd6 29. Bc1 Bf6 30. Kf1 Ne4
31. Nxe4 Bd8 32. Nc5 h5 33. Ra6 Qe7 34. Be3 h4 35. g4 h3 36. Ng3 Qh4 37. Rd6 h2 38. Nh1 Qh3+ 39. Ke1 Nf4 40. Kd2 Qf1
41. Ng3 h1=Q 42. Nxf1 Qxf1 43. Kc2 Qe2+ 44. Bd2 Qxf2 45. Nd7 Nd3 46. Ne5 Bg5 47. Rxd5 Ne1+ 48. Kd1 Bxd2 49. Qxd2 Qxd2+ 50. Kxd2 Ng2
51. Rxb5 Nf4 52. Rc5 Ne6 53. Rxc4 Nxd4 54. Nxf7 Kxf7 55. Rxd4 Rb8 56. Kc3 g6 57. g5 Rb5 58. Rg4 Ke6 59. Kc4 Rf5 60. b5 Kd6
61. Rd4+ Kc7 62. Rd5 Rxd5 63. Kxd5 Kb6 64. Kc4 Kb7 65. Kc5 Kc7 66. b6+ Kb7 67. Kb5 Kb8 68. Kc6 Kc8 69. Kd6
1-0

[Event "Experiment #1"]
[Site "SchemingMind.com"]
[Date "2013.05.10"]
[Round "-"]
[White "lennart"]
[Black "Shanks"]
[Result "1-0"]
[WhiteCountry "SWE"]
[BlackCountry "ENG"]
[WhiteElo "1526"]
[WhiteRD "60"]
[BlackElo "1301"]
[BlackRD "69"]
[GameID "331648"]

1. e4 d5 2. Nc3 d4 3. Nce2 e5 4. d3 Nc6 5. h3 h6 6. a3 Nf6 7. Nf3 Bd6 8. Ng3 Be6 9. Be2 Qe7 10. O-O O-O-O
11. b4 b5 12. Nf5 Qf8 13. Nxd6+ cxd6 14. Rb1 a6 15. c4 bxc4 16. dxc4 Nxe4 17. Bb2 f5 18. b5 axb5 19. cxb5 Nb8 20. b6 Kb7
21. Qa4 Na6 22. Qxa6+ Kc6 23. Bb5+ Kc5 24. Rbc1+ Kd5 25. Qb7#
1-0

[Event "Experiment #1"]
[Site "SchemingMind.com"]
[Date "2013.05.09"]
[Round "-"]
[White "lennart"]
[Black "eun77"]
[Result "0-1"]
[WhiteCountry "SWE"]
[BlackCountry "ISR"]
[WhiteElo "1501"]
[WhiteRD "60"]
[BlackElo "1373"]
[BlackRD "54"]
[GameID "331649"]

1. e4 d5 2. Nc3 dxe4 3. Nxe4 Nf6 4. Ng3 e5 5. a3 Be7 6. h3 O-O 7. d3 h6 8. Nf3 Nh7 9. Nxe5 Re8 10. Qf3 Bf6
11. Be2 Rxe5 12. Bf4 Re7 13. O-O c6 14. c4 Bxb2 15. Rab1 Bf6 16. Ne4 Nd7 17. Rfe1 Ne5 18. Qg3 Ng6 19. Bd6 Re8 20. c5 Be7
21. Bc7 Qd5 22. Ba5 Bxc5 23. Bd2 Rxe4 24. dxe4 Qxd2 25. Rbd1 Qg5 26. Qc3 Nf4 27. g4 Nxe2+ 28. Rxe2 Be6 29. Qg3 Rd8 30. Rb1 b5
31. Qc3 Qe7 32. Kh1 Ng5 33. Kg2 Bxa3 34. Qxc6 a6 35. Qxa6 b4 36. Ra1 Qc7
0-1

[Event "Experiment #1"]
[Site "SchemingMind.com"]
[Date "2013.05.10"]
[Round "-"]
[White "lennart"]
[Black "Iucounu"]
[Result "0-1"]
[WhiteCountry "SWE"]
[BlackCountry "ENG"]
[WhiteElo "1501"]
[WhiteRD "60"]
[BlackElo "1487"]
[BlackRD "50"]
[GameID "331650"]

1. e4 d5 2. Nc3 c6 3. exd5 cxd5 4. d4 Nf6 5. h3 Nc6 6. Nf3 a6 7. Bd3 e6 8. a3 h6 9. O-O Bd6 10. Re1 O-O
11. Ne5 Nd7 12. Nxc6 bxc6 13. Qg4 Nf6 14. Qd1 Bb7 15. b4 a5 16. b5 Bc7 17. a4 Qd6 18. g3 Qd7 19. bxc6 Bxc6 20. Bb5 Bb6
21. Ba3 Rfc8 22. Bc5 Bxc5 23. dxc5 Bxb5 24. Nxb5 Rxc5 25. Nd4 Re8 26. Qe2 Rc4 27. Nf3 Rxa4 28. Ne5 Rxa1 29. Nxd7 Rxe1+ 30. Qxe1 Nxd7
31. Qxa5 Nf6 32. Kg2 Rc8 33. Qa4 Ne4 34. h4 g5 35. hxg5 Nxg5 36. Qh4 Kh7 37. Qa4 Rc4 38. Qb3 Kg6 39. f3 h5 40. Qd3+ Kf6
41. Qh7 Nxh7
0-1

[Event "Experiment #1"]
[Site "SchemingMind.com"]
[Date "2013.05.14"]
[Round "-"]
[White "lennart"]
[Black "kubinet"]
[Result "1-0"]
[WhiteCountry "SWE"]
[BlackCountry "GER"]
[WhiteElo "1526"]
[WhiteRD "60"]
[BlackElo "1319"]
[BlackRD "55"]
[GameID "331651"]

1. e4 d5 2. Nc3 d4 3. Nce2 e5 4. d3 c5 5. h3 Nf6 6. Nf3 Nc6 7. g4 h6 8. g5 hxg5 9. Nd2 Be6 10. Nf3 Be7
11. Nxg5 Nd7 12. Nxe6
1-0

[Event "Experiment #1"]
[Site "SchemingMind.com"]
[Date "2013.05.09"]
[Round "-"]
[White "cnile"]
[Black "lennart"]
[Result "1-0"]
[WhiteCountry "SCO"]
[BlackCountry "SWE"]
[WhiteElo "1550"]
[WhiteRD "64"]
[BlackElo "1526"]
[BlackRD "60"]
[GameID "331652"]

1. e4 d5 2. d4 dxe4 3. Nc3 Nf6 4. Bg5 h6 5. Bxf6 exf6 6. Nxe4 Be7 7. Bd3 Nc6 8. c3 f5 9. Ng3 f4 10. Ne4 a6
11. Nf3 Be6 12. O-O O-O 13. b4 b6 14. a4 Bg4 15. h3 Be6 16. Qd2 Bd6 17. Nxd6 cxd6 18. Qxf4 Rc8 19. Bxa6 Rc7 20. a5 bxa5
21. bxa5 Re7 22. c4 Nxa5 23. Rfe1 f6 24. d5 Bf7 25. Rxe7 Qxe7 26. Rxa5 g5 27. Qd2 Qe4 28. Ra3 Re8 29. Bb5 Rb8 30. Re3 Qh7
31. Re7 Qg6 32. Qe3 Rd8 33. Rd7 Re8 34. Re7 Ra8 35. Nd4 Kh7 36. c5 dxc5 37. Bd3
1-0

[Event "Experiment #1"]
[Site "SchemingMind.com"]
[Date "2013.05.10"]
[Round "-"]
[White "Shanks"]
[Black "lennart"]
[Result "1/2-1/2"]
[WhiteCountry "ENG"]
[BlackCountry "SWE"]
[WhiteElo "1269"]
[WhiteRD "68"]
[BlackElo "1501"]
[BlackRD "60"]
[GameID "331653"]

1. e4 d5 2. exd5 Qxd5 3. Nc3 Qc6 4. Nf3 a6 5. d4 e6 6. Be2 h6 7. a3 Nf6 8. h3 Bd6 9. O-O Nbd7 10. Be3 b5
11. b4 O-O 12. Bd3 Qxc3 13. Bd2 Qc6 14. c3 Nd5 15. Be4 e5 16. dxe5 Bxe5 17. Nxe5 Nxe5 18. Bxd5 Qxd5 19. f4 Nd3 20. Rb1 a5
21. bxa5 Ba6 22. a4 bxa4 23. Qxa4 Nc5 24. Qd4 Qxd4+ 25. cxd4 Bxf1 26. Kxf1 Nd3 27. g3 Rxa5 28. Bxa5 c5 29. dxc5 Rc8 30. Rb5= Nxc5
31. Bb4 Ne4 32. Kg2 Kh7 33. f5 f6 34. g4 Rc2+ 35. Kf3 Ng5+ 36. Kg3 Rb2 37. Rb8 Rb3+ 38. Kg2 Rxh3 39. Rc8 h5 40. Bd6 hxg4
41. Bf4 Rf3 42. Bxg5 fxg5 43. Rc5 Kh6 44. Rc6+ Kh5 45. Rg6 Rxf5 46. Rxg7 Rd5 47. Rh7+ Kg6 48. Rh8 Rd3 49. Rg8+ Kf5 50. Rf8+ Ke6=
1/2-1/2

[Event "Experiment #1"]
[Site "SchemingMind.com"]
[Date "2013.05.09"]
[Round "-"]
[White "eun77"]
[Black "lennart"]
[Result "1-0"]
[WhiteCountry "ISR"]
[BlackCountry "SWE"]
[WhiteElo "1373"]
[WhiteRD "54"]
[BlackElo "1501"]
[BlackRD "60"]
[GameID "331654"]

1. e4 d5 2. exd5 Qxd5 3. Qf3 Qe6+ 4. Qe2 Qxe2+ 5. Bxe2 a6 6. Nf3 Nf6 7. O-O e6 8. d4 h6 9. h3 Bd6 10. b3 O-O
11. Ba3 Bxa3 12. Nxa3 Nc6 13. c3 b5 14. b4 Rd8 15. Ne5 Ne7 16. Nc2 Nfd5 17. Bf3 Rb8 18. Bxd5 Nxd5 19. Nc6 Bb7 20. Nxb8 Rxb8
21. Ne1 Nxc3 22. Nd3 Bd5 23. Nc5 Nxa2 24. Nxa6 Rc8 25. Nc5 Nxb4 26. Rfc1 c6 27. Ra7 Nd3 28. Nxd3
1-0

[Event "Experiment #1"]
[Site "SchemingMind.com"]
[Date "2013.05.10"]
[Round "-"]
[White "Iucounu"]
[Black "lennart"]
[Result "1-0"]
[WhiteCountry "ENG"]
[BlackCountry "SWE"]
[WhiteElo "1487"]
[WhiteRD "50"]
[BlackElo "1501"]
[BlackRD "60"]
[GameID "331655"]

1. e4 d5 2. exd5 Nf6 3. d4 Nxd5 4. Nf3 e6 5. c4 Nb6 6. Bf4 h6 7. Nc3 Bb4 8. Qb3 a5 9. a3 Be7 10. c5 Nd5
11. Nxd5 exd5 12. Ne5 a4 13. Qe3 Nd7 14. Bb5 c6 15. Bd3 Qa5+ 16. Qd2 Qd8 17. O-O f6 18. Bg6+ Kf8 19. Nxd7+ Bxd7 20. f3 b6
21. Be3 Ra5 22. cxb6 Qxb6 23. Rab1 h5 24. Bd3 h4 25. h3 f5 26. Be2 c5 27. dxc5 Bxc5 28. Bxc5+ Rxc5 29. Qb4 Qxb4 30. axb4 Rc7
31. Bd3 Rh6 32. Rfe1 d4 33. Red1 Kg8 34. Rdc1 Rb7 35. Rc4 Rd6 36. Kf2 g6 37. Ke2 Kh7 38. Kd2 Kh6 39. b3 a3 40. Ra1 Ra7
41. Ra2 Kg5 42. Rc5 Kf4 43. Bf1 Be6 44. b5 Bxb3 45. Ra1 Kg3 46. Rc6 Rd5 47. Rxg6+ Kh2 48. b6 Rb7 49. Rxa3 Kg1 50. Ba6 Rb8
51. Rxb3 Kf2 52. Rg7 Re5 53. Rb7 Rd8 54. Rc7 f4 55. b7
1-0

[Event "Experiment #1"]
[Site "SchemingMind.com"]
[Date "2013.05.14"]
[Round "-"]
[White "kubinet"]
[Black "lennart"]
[Result "0-1"]
[WhiteCountry "GER"]
[BlackCountry "SWE"]
[WhiteElo "1319"]
[WhiteRD "55"]
[BlackElo "1526"]
[BlackRD "60"]
[GameID "331656"]

1. e4 d5 2. exd5 Qxd5 3. Nc3 Qc6 4. d4 h6 5. Nf3 e6 6. Be2 a6 7. O-O Nf6 8. Bd3 Nbd7 9. Bf4 Bd6 10. Bxd6 cxd6
0-1